[Event "48th Biel GM 2015"]
[Site "Biel SUI"]
[Date "2015.07.20"]
[Round "1"]
[White "Wojtaszek, R."]
[Black "Rapport, R."]
[Result "1/2-1/2"]
[WhiteElo "2733"]
[BlackElo "2671"]
[Annotator "Ramirez Alvarez,Alejandro"]
[PlyCount "83"]
[EventDate "2015.07.20"]

1. d4 d5 2. c4 Nc6 3. cxd5 Qxd5 4. e3 e5 5. Nc3 Bb4 6. a3 Bxc3+ 7. bxc3 Nf6 8.
c4 Qd6 9. d5 Nb8 10. Ne2 O-O 11. Nc3 Bf5 12. a4 Na6 13. Ba3 Nb4 14. Be2 a5 15.
O-O Rfe8 16. Rc1 c5 17. f3 Bd7 18. e4 Nh5 19. Nb5 Qh6 20. Rc3 Nf4 21. g3 Nh3+
22. Kh1 Rac8 23. Bd3 Qg6 24. Bb1 h5 25. Qe1 Ng5 26. Re3 $2 {Until now
Wojtaszek had done an excellent job of beating back Black's attack and
obtaining a nice positional advantage. All that was left was to break through.}
(26. f4 $1 exf4 (26... Nh7 27. fxe5 Rxe5 28. Bb2 {is really bad for Black.}
Rce8 29. Re3 Bh3 30. Bxe5 Rxe5 31. Rf4 {with some compensation, but it should
not be enough for a full exchange.}) 27. e5 Bf5 28. Bxf5 Qxf5 29. Nd6 $18 (29.
gxf4 $16)) 26... Bxb5 27. axb5 f6 28. f4 Nf7 {Black's blockade gives him a
sustainable position.} 29. Qe2 Nd6 30. Bb2 b6 31. h3 Rc7 32. Kh2 Rce7 33. f5
Qh7 34. Rg1 Kf7 35. g4 hxg4 36. Rxg4 Rh8 37. Reg3 Ke8 38. Bc1 Kf8 39. Kg2 Qh5
40. Bd2 Rh7 41. Bc1 Rh8 42. Bd2 1/2-1/2

[Event "48th Biel GM 2015"]
[Site "Biel SUI"]
[Date "2015.07.20"]
[Round "1"]
[White "Adams, Mi"]
[Black "Navara, D."]
[Result "1-0"]
[WhiteElo "2740"]
[BlackElo "2724"]
[Annotator "Ramirez Alvarez,Alejandro"]
[PlyCount "111"]
[EventDate "2015.07.20"]

1. e4 c5 2. Nf3 d6 3. d4 cxd4 4. Nxd4 Nf6 5. Nc3 a6 6. g3 e5 7. Nde2 Be7 8. Bg2
b5 9. Nd5 Nbd7 10. Nec3 Bb7 11. a4 Nxd5 12. Nxd5 O-O 13. axb5 axb5 14. Rxa8
Bxa8 15. O-O Nc5 16. b4 Ne6 17. h4 Bxd5 18. Qxd5 Nd4 19. c3 Ne2+ 20. Kh2 Nxc1
21. Rxc1 Qb6 22. Kg1 Rb8 23. Ra1 g6 24. Ra8 Rxa8 25. Qxa8+ Kg7 26. Bf1 {White
has obtinaed a very nice endgame. The pawn on b5 cannot be defended, and Black
is not in time to create real counterplay.} Qc7 27. Qe8 Bf6 28. Bxb5 Qxc3 29.
Bc6 $1 {Material is still even, but the b-pawn is passed and Black's king is
weak, for now b4 is untouchable.} Qf3 (29... Qxb4 30. Bd5 {and the kingside
falls, starting with f7.}) 30. Qd7 $1 {Very accurate!} (30. Bd5 Bxh4 31. gxh4
Qg4+ {is nothing more than a perpetual.}) 30... g5 31. hxg5 $2 {Almost ruining
the game.} (31. Bd5 gxh4 32. Qxf7+ Kh6 33. Qf8+ Kg6 34. Bf7+ $1 Kg5 35. gxh4+
$1 {This move is surprisingly tricky to find when analyzing quickly.} Kxh4 (
35... Kf4 36. Be6 $1 {And this move is VERY tricky to find when analyzing
quikcly! It is the only winning move!} (36. Qh6+ Kxe4 {doesn't work.}) 36...
Kxe4 (36... Qd1+ 37. Kh2 Kxe4 38. Qxf6 {and the game is over.}) 37. Bd5+ Kxd5
38. Qa8+ {skewers the queen.}) 36. Qh6+ Kg4 37. Qh5+ Kf4 38. Qf5#) 31... Bxg5
32. Qxd6 {This endgame is not easy to evaluate. Clearly White is pressing for
a win, but making progress is not trivial. Black will have a decent blockade
on the darksquares and it is unclear that trading queens is a good or bad
thing for Adams.} Qc3 33. Kg2 Qb2 34. Qc5 Qd4 {The computer recommendation,
but is the endgame a draw?} 35. Qxd4 exd4 36. f4 Be7 37. b5 Bc5 38. e5 d3 39.
Be4 d2 40. Bc2 {Everything has been basically forced since the queen trade up
to this point.} f6 (40... h6 {looks more logical to me. I don't think giving
White a passed pawn is a good idea.}) 41. exf6+ (41. e6 f5 {simply loses the
e-pawn.}) 41... Kxf6 42. Kf3 h5 43. Ke2 Bd6 (43... Bb6 $1 44. Kxd2 Bf2 45. Ke2
Bxg3 46. Kf3 Be1 47. b6 Bb4 48. b7 Bd6 49. f5 {the two passed pawns being so
far apart from each other looks dangerous, but I can't imagine any way of
making progress for White.}) 44. Ke3 (44. Kxd2 h4 45. gxh4 Bxf4+ {is a dead
draw, as White has the wrong bishop for his h-pawn.}) 44... Bc7 $2 (44... Bc5+
45. Kxd2 Bf2 $11) 45. Bd1 $1 h4 (45... Bb6+ 46. Kxd2 Bf2 47. g4 hxg4 48. Bxg4 {
is winning.}) 46. gxh4 Kf5 47. Bc2+ Kg4 48. Ke4 {very importantly, White
preserves his f-pawn. Now the rest is easy.} Kxh4 49. Bd1 $1 {Black's king is
cut off! A deadly zugzwang.} Bd8 50. Kd5 Kg3 51. f5 Kf4 52. Ke6 Ke4 53. Bc2+
Kd4 54. Kd7 Bb6 55. f6 Kc3 56. Bd1 1-0

[Event "48th Biel GM 2015"]
[Site "Biel SUI"]
[Date "2015.07.22"]
[Round "3"]
[White "Adams, Mi"]
[Black "Vachier Lagrave, M."]
[Result "0-1"]
[WhiteElo "2740"]
[BlackElo "2731"]
[Annotator "Ramirez Alvarez,Alejandro"]
[PlyCount "72"]
[EventDate "2015.07.20"]

1. e4 c5 2. Nf3 d6 3. Bb5+ Nd7 4. c3 Ngf6 5. Qe2 a6 6. Ba4 e5 7. O-O Be7 8. d4
b5 9. Bc2 O-O 10. Rd1 Qc7 11. a4 {The position more resembles a Spanish than
any Sicilian, though the move order was of Bb5+ Sicilian. The theme here is
quite Spanish: White has a nice center that is being challenged by Black's
pawns on c5 and e5. White has the choice of attacking anywhere on the board,
and this time he chooses to strike at the queenside with a4.} Rb8 12. Na3 c4 {
The novelty of the game, though rather logical. Black expands on the queenside
and gains some space. On the other hand, once White has locked up the
queenside he can start figuring out how to put pressure on the other side of
the board.} 13. Bd2 (13. Nh4 $5 g6 14. axb5 axb5 15. Bg5 {is interesting.})
13... Re8 14. axb5 axb5 15. h3 d5 $5 {Opening up the center at an opportune
moment. This is Black's main resource if White 'does nothing'.} 16. dxe5 Nxe5
17. Nxe5 $2 {This is based on a miscalculation: MVL had a better grasp of the
tactics of this position than Adams!} (17. exd5 Ng6 $11 {Black will get back
his d-pawn sooner or later.} (17... Neg4 $5 {is possible because of the
discovery from the rook on e8.} 18. hxg4 Bxa3 19. Be3 $13)) 17... Qxe5 18. f4
Bc5+ (18... Qc7 19. e5 {is not bad for Black, but he has much better.}) 19. Be3
Qh5 $1 {Adams must have underestimated or completely missed this move.} 20. Rd2
(20. Qxh5 Bxe3+ 21. Kh2 Nxh5 {leaves Black up a piece.}) (20. g4 {and Black
has several wins, the clearest seems to be:} Bxe3+ 21. Qxe3 Bxg4 22. hxg4 Qxg4+
23. Kh2 Nxe4 {White's king is about to get mated, and he isn't even up
material.}) 20... dxe4 {Simple. Black is up a pawn.} 21. Re1 Qxe2 22. Rdxe2
Bxe3+ 23. Rxe3 Rb6 24. Kf2 {Black is not winning yet, but the position is
rather ugly for White. He is down a pawn for no compensation, all he can do is
try to pressure e4 in hopes that Black cannot make progress.} Bf5 25. Rd1 h5
26. Kg3 g6 27. Rd4 Kg7 28. Kh4 {White's king march is aimed at playing g4 at
some point. It is more suicidal than brave.} Be6 29. Re2 (29. Bxe4 Bf5) 29...
Rbb8 30. Bd1 (30. Bxe4 Bd5 31. Bf3 Rxe2 32. Bxe2 Bxg2 $17) 30... Bf5 31. Bc2
Rec8 32. Re1 Rc5 33. Bd1 $2 Nd5 34. g3 {White has successfully woven a mating
net around his own king. MVL scoops up the victory:} Rh8 35. Nc2 Ne7 {Oh oh,
suddenly g5 is almost mate, followed by Ng6.} 36. Rd6 Be6 {Nf5 and mate is the
threat. Also, g5 and Ng6 isn't too bad.} 0-1

[Event "48th Biel GM 2015"]
[Site "Biel SUI"]
[Date "2015.07.22"]
[Round "3"]
[White "Navara, D."]
[Black "Rapport, R."]
[Result "1-0"]
[WhiteElo "2724"]
[BlackElo "2671"]
[Annotator "Ramirez Alvarez,Alejandro"]
[PlyCount "95"]
[EventDate "2015.07.20"]

1. d4 d5 2. c4 Nc6 {another Chigorin, why not?} 3. Nc3 Nf6 (3... dxc4 {is the
main line, but to be fair it is rather dubious.}) 4. cxd5 Nxd5 5. Nf3 e5 {
surprisingly, this is the only move that makes sense. If Black plays passively
White will simply establish a strong pawn center and roll over his opponent.}
6. dxe5 Be6 (6... Bb4 7. Bd2 Nxc3 8. bxc3 Ba5 {might be close to enough for
the pawn, but the position needs more practical tests.}) 7. Bg5 Nxc3 8. Qxd8+
Nxd8 9. bxc3 {Black's down a pawn for now, but White's structure is ghastly
and he still has a ways to go before finishing development. Black has
reasonable chances of equalizing.} h6 10. Bh4 Nc6 11. e3 Bd5 12. Bb5 g5 13. Bg3
O-O-O 14. O-O a6 15. Bxc6 bxc6 $5 {What a decision! I think 90% of
grandmasters would simply take with the bishop and think later. I have a hard
time understanding the advantages of taking with the pawn, as there is no
immediate need to keep the bishop on d5.} (15... Bxc6 16. Nd4 Bd5 17. Rfd1 Ba3
$44) 16. h4 Rg8 17. hxg5 hxg5 18. Nd4 c5 19. Nb3 {Black's pair of bishops
still compensate for the pawn, but White is for preference.} Rg6 20. Rfd1 Be7
21. Rd2 Rb6 22. Nxc5 $1 {A nice tactic. Black cannot take on c5.} (22. Rad1
Bxb3 23. Rxd8+ Bxd8 24. axb3 Rxb3 {already favors Black.}) 22... Rh6 $1 {And
an appropiate counter! White's knight on c5 is hanging. Also dangerous is 
Rdh8, threatening mate!} (22... Bxc5 23. Rad1 {loses the bishop on d5 and
Black is simply down material.} c6 $6 24. c4 $18) 23. Rad1 {forced but
sufficient.} Rdh8 24. f3 Bxa2 $1 25. Kf2 Bc4 {Black keeps his pair of bishops,
and the compensation!} 26. Ne4 Rh1 27. f4 $2 {over ambitious.} (27. Rd4 Rxd1
28. Rxd1 Rd8 29. Ra1 $11) 27... gxf4 28. exf4 a5 {In endgames, the quantity of
pawns is not as important as the quality of pawns. This guy is rolling, and
rolling quickly.} 29. f5 a4 (29... Bb3 $1 {Would have given White some serious
difficulties.}) 30. e6 fxe6 31. f6 {following a rule I wrote up a couple of
sentences ago.} Rxd1 32. Rxd1 Bf8 33. Bf4 Bd5 34. Nd2 (34. Ke3 $1 $11) 34...
Rg8 35. g3 Bc5+ 36. Be3 Bd6 {Black is clearly in the lead. White's connected
passed pawns on the kingside are not connected yet, and they have problems
making progress. Meanwhile the bishops are tearing the board apart.} 37. c4 Bc6
38. Ke2 a3 $2 (38... Rxg3 $1 {Sometimes you just have to be greedy.} 39. f7 Bf8
$1 $17 (39... Rg7 $15 40. Ne4 $1 Bxe4 41. Rxd6 Rxf7 42. Rxe6)) 39. f7 Rxg3 $2 {
This is already playing with fire, probably missing the continuation in the
game.} 40. Ne4 $1 Rg2+ $2 (40... Bxe4 41. Rxd6 Rf3 42. Rxe6 Rxf7 43. Rxe4 a2
44. Bd4 Rh7 $1 {Holds, barely. White cannot prevent Black from winning the
bishop!} 45. Kd2 (45. Kf2 Rh2+ 46. Kf3 Rh1 $11) 45... Rd7 $1) 41. Kf1 Bf8 (
41... Bxe4 42. Rxd6 {is now losing.}) 42. Kxg2 Bxe4+ 43. Kg3 {Black's down the
exchange, but it is not over yet.} e5 $1 44. Bg5 a2 45. Bf6 Bd3 $2 (45... c5 $1
{Black had to play this move, giving c7 for the king. The threat is Bg6.}) (
45... Bg6 46. Rd8+ Kb7 47. Bxe5 {doesn't work yet.}) 46. Bxe5 {White now
controls a1...} Bxc4 47. Bf6 {and ther is no stopping Rd8+.} a1=Q 48. Rd8+ (48.
Rd8+ Kb7 49. Bxa1 {and it is all over.}) 1-0

[Event "48th Biel GM 2015"]
[Site "Biel SUI"]
[Date "2015.07.23"]
[Round "4"]
[White "Navara, D."]
[Black "Wojtaszek, R."]
[Result "1-0"]
[WhiteElo "2724"]
[BlackElo "2733"]
[Annotator "Ramirez Alvarez,Alejandro"]
[PlyCount "95"]
[EventDate "2015.07.20"]

1. e4 c5 2. Nf3 d6 3. d4 cxd4 4. Nxd4 Nf6 5. Nc3 a6 6. Be3 e5 7. Nb3 Be6 8. h3
{Not the most common move, but certailny one that is gaining momentum. It was
used by Navara this year already, against Wesley So in their match in Prague.}
Be7 9. g4 $5 {Usually this move is done to hinder d5, but d5 is fully playable
here!} (9. f4 exf4 10. Bxf4 Nc6 11. Qe2 Nd7 12. O-O-O Nce5 {with a complex
position, Navara-So, 2015.}) 9... d5 {definitely the test of fire.} (9... O-O
10. g5 Nfd7 11. h4 {is more or less White's idea: now he controls d5 and
starts attacking on the kingside.}) 10. exd5 Nxd5 11. Bg2 Nxe3 12. Qxd8+ Bxd8
13. fxe3 {White has some pressure on the queenside with his powerful bishop on
g2, but his king is a bit exposed and Black does have the pair of bishops.}
Bh4+ (13... Nc6 14. Nc5 $14 {runs into White's plan.} Bh4+ 15. Ke2 Bc4+ 16. Nd3
$1 $14 {White follows up with b3 and a very nice position.}) 14. Kf1 Nc6 {
Black has to play this sooner or later.} 15. Nc5 Bc4+ 16. Kg1 O-O-O (16... Bg5
17. Kf2 (17. Re1 O-O-O 18. b3 {transposes back into the game.}) 17... Bh4+ 18.
Kg1 (18. Kf3 O-O {seems to risky for White.}) 18... Bg5 $11) 17. b3 Bg5 18. Re1
Bh4 19. Rb1 $1 {Beautiful! The rook is very slightly better placed on b1 as
when White takes on c4 it will be hitting b7.} Bg5 20. Kf2 Bh4+ 21. Kf3 {White
is fearless, and I guess it is easier to do so when you have prepared the
whole thing, but it is still impressive. How do we know it was all prep? well,
he spent less than 30 seconds per move up to this point!} e4+ {Played aftre a
long think, and still the computer recommendation.} (21... Bd5+ 22. Nxd5 Rxd5
23. Ne4 $14 {White's powerful knight on e4 gives him a small advantage.}) (
21... Rd2 22. N5e4 Bd5 23. Nxd5 Rxd5 $16) 22. Kf4 {played instantly, of course.
} (22. N5xe4 Ne5+ 23. Kf4 Ng6+ {is a draw by perpetual.}) 22... g5+ (22... Rd6
$5 {was looked at in depth in the post-mortem. You will be able to find Danny
King's comments on this move later on.}) 23. Kf5 {Black seems to be on the
verge of mating his opponent, but no such thing is available.} Rhe8 (23... Be6+
24. Nxe6 $8 fxe6+ 25. Kxe4 $8 Rd2 $1 26. Bf3 {should give Black enough
counterplay to claim equality. Perhaps this is the correct continuation.}) 24.
Rhd1 Re5+ 25. Kf6 Rg8 (25... Rxc5 26. Rxd8+ Nxd8 27. bxc4 Rxc4 28. Nxe4 Rc6+
29. Ke7 Rc7+ 30. Kf8 Rxc2 31. Nd6+ Kc7 32. Be4 {favors White, slightly.}) 26.
bxc4 {The first move that Navara realy thought about, though it was kind of
forced.} Rg6+ 27. Kxf7 Re7+ 28. Kf8 Rf6+ $6 {Perhaps the truly first
inaccurate move from Wojtaszek.} (28... Reg7 $1 {Was the way to equalize. The
silicon beast claims that there is a draw by perpetual.}) 29. Kg8 Rg6+ 30. Kh8
$1 {Fearless!} Rf6 31. Rf1 {White is not interested in repeating moves when he
is up so much time on his opponent.} Bf2 32. Rxf2 Rxf2 33. Rf1 {There is no
checkmate.} Rxg2 $2 (33... Re8+ $1 34. Kxh7 Rxg2 35. N3xe4 Re7+ 36. Kg6 b6 {
prevents the game continuation.}) 34. Rf8+ Kc7 35. Nd5+ $2 (35. N5xe4 $1 {Was
a hard move to spot, but very strong. Black's king is the one that comes under
fire, suddenly!}) 35... Kd6 36. Nxe7 Kxc5 37. Rf5+ Kxc4 38. Nxc6 bxc6 39. Rxg5
{A complex endgame, in which either side can easily go wrong.} Rg3 $2 (39...
Rxc2 40. Kxh7 Kd3 41. Rh5 Kxe3 42. g5 Rc5 {will probably end up in a drawn
queen endgame.}) 40. h4 h6 $2 (40... Rxe3 41. Kxh7 Rg3 42. h5 e3 43. h6 Kc3 44.
Kg6 e2 45. h7 e1=Q 46. h8=Q+ {is only a little better for White, close to a
draw.}) 41. Rg6 Rxe3 42. Kg7 {Black is in serious trouble now. The two passed
pawns are too strong.} Rg3 43. Kxh6 e3 44. Kg5 $2 (44. g5 $1 $18) 44... Kd5 $2
{Black had to be active in the endgame!} (44... Kc3 45. h5 e2 46. Re6 Kd2 47.
h6 e1=Q 48. Rxe1 Kxe1 49. h7 Rh3 50. Kg6 Ke2 51. Kg7 Kf3 $11) 45. Kf4 Rh3 $6 {
making it easy for White.} (45... e2 46. c4+ Kxc4 47. Re6 Rh3 48. Rxe2 Rxh4 49.
Rc2+ Kd5 50. Kf5 {looks very bad for Black.}) 46. h5 c5 47. Rg5+ Kd4 48. Re5 {
Re4+ cannot be stopped.} 1-0

[Event "48th Biel GM 2015"]
[Site "Biel SUI"]
[Date "2015.07.23"]
[Round "4"]
[White "Adams, Mi"]
[Black "Eljanov, P."]
[Result "0-1"]
[WhiteElo "2740"]
[BlackElo "2723"]
[Annotator "Ramirez Alvarez,Alejandro"]
[PlyCount "100"]
[EventDate "2015.07.20"]

1. c4 c6 2. d4 d5 3. cxd5 cxd5 4. Nc3 Nf6 5. Bf4 Nc6 6. e3 Bg4 7. Qb3 Na5 8.
Qa4+ Bd7 9. Qc2 e6 10. Nf3 Be7 11. Bd3 Nc6 12. a3 Nh5 13. Be5 f6 14. Bg3 f5 15.
Be5 O-O 16. h3 Nf6 17. Bf4 Ne4 18. O-O Rc8 19. Rfc1 Bf6 20. Qb3 Na5 21. Qa2
Nxc3 22. bxc3 b5 23. Nd2 Nc4 24. a4 a6 25. axb5 axb5 26. Bxc4 dxc4 27. Nf3 Bc6
28. Qe2 Qd5 29. Qf1 Ra8 30. Ne5 Bb7 31. f3 Be7 32. Bg3 Bg5 33. Qe1 Ra4 34. Rxa4
bxa4 35. Ra1 Ra8 36. Bh4 Bh6 37. Be7 Bc6 38. h4 Be8 39. Rb1 (39. Bc5 $14) 39...
a3 40. e4 Qa5 41. exf5 (41. Nxc4 $13) 41... a2 42. Ra1 exf5 43. Nxc4 (43. Bb4
$15) 43... Qb5 44. Nd6 (44. Qe6+ Bf7 45. Qxf7+ Kxf7 46. Nd6+ Kxe7 47. Nxb5 Bc1
{is ugly for White. The endgame is very bad:} 48. Rxc1 a1=Q 49. Rxa1 Rxa1+ 50.
Kf2 Ra2+ 51. Kg3 Kd7 $17) 44... Qd5 $1 {Suddnely White's pieces are in
horrible positions. He is, surprisingly, lost. The threat is Bf4.} 45. Qe2 (45.
Nxe8 Rxe8 {and White has no good answer to Kf7.}) 45... Bf4 46. Nxe8 Rxe8 47.
Rxa2 Kf7 {White is simply losing a piece.} 48. Ra7 Bb8 49. Qa2 Qxa2 50. Rxa2
Bg3 $1 {More precise than taking the bishop right away. A nice finishing touch.
} 0-1

[Event "48th Biel GM 2015"]
[Site "Biel SUI"]
[Date "2015.07.24"]
[Round "5"]
[White "Wojtaszek, R."]
[Black "Adams, Mi"]
[Result "1/2-1/2"]
[WhiteElo "2733"]
[BlackElo "2740"]
[Annotator "Ramirez Alvarez, Alejandro"]
[PlyCount "91"]
[EventDate "2015.07.20"]

1. d4 Nf6 2. c4 e6 3. g3 d5 4. Nf3 Bb4+ 5. Bd2 Be7 6. Bg2 c6 7. O-O Nbd7 8. Nc3
O-O 9. Bf4 Nh5 10. Bc1 Nhf6 11. Qd3 b6 12. b3 Ba6 13. Rd1 c5 14. Nb5 Bxb5 15.
cxb5 a6 16. bxa6 Qc8 17. Bb2 Qxa6 18. Qxa6 Rxa6 19. a4 Rc8 20. Rdc1 Ne4 21. e3
Ra7 22. Bf1 f5 23. Rc2 g5 24. dxc5 bxc5 25. Nd4 Kf7 26. Nb5 Raa8 27. f3 Nef6
28. a5 g4 29. f4 Nb8 $1 {The position is complicated. Black's last move was
great, transfering the knight to the much more useful square c6. The position
should be close to equal, but easier to play for Black.} 30. Be5 Nc6 31. Nd6+
$6 (31. Bc3 $1 $11) 31... Bxd6 32. Bxd6 Ne4 33. Bxc5 Rxa5 (33... Nb4 34. Bxb4
Rxc2 35. Be1 {is an extra exchange for Black, but with the two passed pawns
things are not so clear yet.}) 34. Rac1 Rb8 (34... Ne5 $1 35. b4 (35. fxe5
Raxc5 36. Rxc5 Rxc5 37. Rxc5 Nxc5 38. b4 Nd7 {is probably just a winning
endgame for Black.}) 35... Nf3+ 36. Kg2 Ra3 {with very real pressure on
White's king and pawns.}) 35. Bd6 Nxd6 36. Rxc6 Ne8 37. Rb1 Rb4 38. Ra6 Rxa6
39. Bxa6 {Black is still marginally better, but converting seems very
difficult.} Nd6 40. Bd3 Kf6 41. Kf2 e5 42. fxe5+ Kxe5 43. Ke2 Ne4 44. Bxe4 Kxe4
45. Kf2 h6 46. Ke2 1/2-1/2

[Event "48th Biel GM 2015"]
[Site "Biel SUI"]
[Date "2015.07.24"]
[Round "5"]
[White "Eljanov, P."]
[Black "Rapport, R."]
[Result "1/2-1/2"]
[WhiteElo "2723"]
[BlackElo "2671"]
[Annotator "Ramirez Alvarez,Alejandro"]
[PlyCount "88"]
[EventDate "2015.07.20"]

1. d4 e6 2. c4 f5 3. g3 Nf6 4. Bg2 Be7 5. Nc3 O-O 6. Nf3 d5 7. O-O c6 8. Qc2
Ne4 9. Bf4 Nd7 10. Rad1 g5 11. Be3 Nd6 12. b3 Bf6 13. Bc1 Rf7 14. Ba3 Ne4 15.
Nxe4 fxe4 16. Ne5 Nxe5 17. dxe5 Be7 18. Bd6 Bxd6 19. exd6 Bd7 20. f3 exf3 21.
Bxf3 Qa5 22. c5 b6 {A very unusual situation. White has a protected passed
pawn on d6, but for now its support is being ripped apart. Eljanov tries to
use his initiative on the f-file to keep the d-pawn active and alive.} 23. Bh5
Rxf1+ 24. Rxf1 Qxc5+ 25. Qxc5 bxc5 26. Rf7 Rd8 {awkward, but forced.} (26...
Be8 27. Rc7 Bxh5 28. d7 {simply wins for White.}) 27. Re7 e5 $1 {Without
activity Black cannot survive. He tries to at least push his pawns forward.}
28. g4 (28. Rxe5 Kg7 29. Re7+ Kf6 $11 {Escaping the last rank allows Black to
move his bishop.}) 28... e4 29. Kf2 a5 30. h3 a4 $6 {Rapport is trying to use
his passed pawns to some effect, but he is too paralyzed to use them.} (30...
h6 31. Ke3 Kf8 32. Kd2 Kg8 {White simply wants to bring his king to a4 and
break through there! Still, things might not be so easy.} 33. Kc3 Kf8 34. Kb2
Kg8 35. Ka3 Kf8 36. Ka4 Be8 $1 $14) 31. bxa4 c4 32. a5 c3 33. Ke1 c5 34. a6 e3
35. Rxe3 d4 36. Re7 {Black's c-pawn is not dangerous enough.} Bc6 37. a7 Rxd6
$1 {Setting a last trap.} 38. Re8+ $2 (38. Rc7 $1 Be4 39. Bf7+ Kf8 40. Bc4 Rd8
41. Bd3 $18 Bxd3 42. exd3 {is winning due to Rb7 and Rb7.}) 38... Kg7 39. a8=Q
$2 {White underestimates Black's passed pawns!} Bxa8 40. Rxa8 d3 $1 {Suddenly
White has to give a perpetual!} 41. Ra7+ Kh6 42. exd3 Rxd3 43. Ra6+ Kg7 44.
Ra7+ (44. Ke2 c2 $17 45. Ra7+ Kf6 46. Rf7+ Ke5 47. Rf1 Kd4 {And White is the
only one that will lose this endgame. Once the king comes to c3 it is very
dangerous for Eljanov.}) 44... Kh6 (44... Kf6 45. Rf7+ Ke6 (45... Ke5 46. Rf2
$16) 46. Ke2 Rd2+ 47. Ke3 Rxa2 48. Rf5 $18) 1/2-1/2